Irregular German Nouns in -"e - Statistics

General Stats
  • This quiz has been taken 12 times
  • The average score is 27 of 36
Answer Stats
Hint Answer % Correct
Goose Gans
100%
Wall Wand
100%
Bench Bank
88%
Flight,
Escape
Flucht
88%
Fruit Frucht
88%
Skin Haut
88%
Cow Kuh
88%
Art Kunst
88%
Air Luft
88%
Mouse Maus
88%
Night Nacht
88%
Nut Nuss
88%
City Stadt
88%
Sausage Wurst
88%
Fear Angst
75%
Coming,
Future
(An)Kunft
75%
Axe Axt
75%
Bride Braut
75%
Chest,
Breast
Brust
75%
Fist Faust
75%
Hand Hand
75%
Louse Laus
75%
Might Macht
75%
Maid Magd
75%
Need Not
75%
Sow,
Female pig
Sau
75%
Swelling Geschwulst
63%
Cleft,
Rift
Kluft
63%
Cord,
String
Schnur
63%
Vault,
Tomb
Gruft
50%
Strength Kraft
50%
Pleasure Lust
50%
Seam,
Suture
Naht
50%
Addiction Sucht
50%
Guild Zunft
50%
Heat,
Rut
Brunst
38%
No matching quizzes found
Score Distribution
Percent of People with Each Score
Percentile by Number Answered
Your Score History
You have not taken this quiz